Kırmızı pazartesi : (Record no. 200447418)

MARC details
000 -LEADER
fixed length control field 01238cam a2200349 i 4500
001 - CONTROL NUMBER
control field 200447418
003 - CONTROL NUMBER IDENTIFIER
control field TR-AnTOB
005 - DATE AND TIME OF LATEST TRANSACTION
control field 20230524134713.0
007 - PHYSICAL DESCRIPTION FIXED FIELD--GENERAL INFORMATION
fixed length control field ta
008 - FIXED-LENGTH DATA ELEMENTS--GENERAL INFORMATION
fixed length control field 041102r20211982tur tu t tu ttu d
020 ## - INTERNATIONAL STANDARD BOOK NUMBER
International Standard Book Number 9789750721571
040 ## - CATALOGING SOURCE
Original cataloging agency TR-AnTOB
Language of cataloging eng
Description conventions rda
Transcribing agency TR-AnTOB
041 1# - LANGUAGE CODE
Language code of text/sound track or separate title Türkçe
Language code of original spa
050 04 - LIBRARY OF CONGRESS CALL NUMBER
Classification number PQ8180.17.A73
Item number C6819 2021
090 ## - LOCALLY ASSIGNED LC-TYPE CALL NUMBER (OCLC); LOCAL CALL NUMBER (RLIN)
Classification number (OCLC) (R) ; Classification number, CALL (RLIN) (NR) PQ8180.17.A73
Local cutter number (OCLC) ; Book number/undivided call number, CALL (RLIN) C6819 2021
100 1# - MAIN ENTRY--PERSONAL NAME
Personal name García Márquez, Gabriel,
Dates associated with a name 1927-2014
Relator term author
9 (RLIN) 107000
240 10 - UNIFORM TITLE
Uniform title Cronica de una muerte anunciada.
Language of a work Turkish
245 10 - TITLE STATEMENT
Title Kırmızı pazartesi :
Remainder of title işleneceğini herkesin bildiği bir cinayetin öyküsü /
Statement of responsibility, etc. Gabriel Garcia Marquez ; İspanyolca aslından çeviren: İnci Kut.
250 ## - EDITION STATEMENT
Edition statement 68. basım: Şubat, 2021
Edition statement 70. basım Aralık 2021
264 #1 - PRODUCTION, PUBLICATION, DISTRIBUTION, MANUFACTURE, AND COPYRIGHT NOTICE
Place of production, publication, distribution, manufacture İstanbul :
Name of producer, publisher, distributor, manufacturer Can Yayınları,
Date of production, publication, distribution, manufacture, or copyright notice 2021.
300 ## - PHYSICAL DESCRIPTION
Extent 107 pages ;
Dimensions 20 cm
336 ## - CONTENT TYPE
Content type term text
Content type code txt
Source rdacontent
337 ## - MEDIA TYPE
Media type term unmediated
Media type code n
Source rdamedia
338 ## - CARRIER TYPE
Carrier type term volume
Carrier type code nc
Source rdacarrier
500 ## - GENERAL NOTE
General note Orjinal: Cronica De Una Muerta Anunciada
General note 1982 Nobel Edebiyat Ödülü
650 #7 - SUBJECT ADDED ENTRY--TOPICAL TERM
Topical term or geographic name entry element İspanyol romanı
Source of heading or term etuturkob
9 (RLIN) 102943
700 1# - ADDED ENTRY--PERSONAL NAME
Personal name Kut, İnci
Relator term translator
9 (RLIN) 18607
942 ## - ADDED ENTRY ELEMENTS (KOHA)
Source of classification or shelving scheme Library of Congress Classification
Koha item type Book
Holdings
Withdrawn status Lost status Source of classification or shelving scheme Not for loan Collection code Home library Current library Shelving location Date acquired Source of acquisition Total Checkouts Total Renewals Full call number Barcode Date last seen Date last checked out Copy number Date shelved Koha item type Public note
    Library of Congress Classification Ödünç Verilebilir / Available Genel Koleksiyon Merkez Kütüphane Merkez Kütüphane Genel Koleksiyon / Main Collection 14/02/2022 Bağış / Donation 5 2 PQ8180.17.A73 C6819 2021 0064709 05/10/2025 17/09/2025 1 24/02/2022 Book Donated by Ezgi Ayten Kaluk
    Library of Congress Classification Ödünç Verilebilir / Available Genel Koleksiyon Merkez Kütüphane Merkez Kütüphane Genel Koleksiyon / Main Collection 19/04/2022 Bağış / Donation 6 5 PQ8180.17.A73 C6819 2021 c.2 0065181 09/11/2024 25/10/2024 2 19/04/2022 Book Bir TOBB ETÜ Bilim Etik ve İnsan Dersi Öğrencisi
Devinim Yazılım Eğitim Danışmanlık tarafından Koha'nın orjinal sürümü uyarlanarak geliştirilip kurulmuştur.